[Event "URS Cup rapid"]
[Site "Tallinn"]
[Date "1988.??.??"]
[Round "9"]
[White "Dorfman, Josif D"]
[Black "Itkis, Boris"]
[Result "1-0"]
[WhiteElo "2520"]
[BlackElo "2295"]

1.c4 g6 2.d4 Bg7 3.g3 d6 4.Bg2 Nf6 5.Nf3 O-O 6.O-O c6 7.b3 Nbd7 8.Nc3 Re8
9.Qc2 Qc7 10.Rd1 b5 11.Nd2 Rb8 12.Bb2 Nb6 13.c5 dxc5 14.dxc5 Nbd7 15.b4 a5
16.a3 a4 17.h3 Nf8 18.e3 Bf5 19.e4 Be6 20.Ne2 Rbd8 21.Nd4 Bc8 22.e5 Nd5 23.N2f3 Ne6
24.Nxe6 Bxe6 25.Nd4 Bc8 26.Re1 h5 27.Rad1 h4 28.e6 hxg3 29.fxg3 Qxg3 30.exf7+ Kxf7
31.Qf2+ Qf4  1-0

[Event "URS Cup rapid"]
[Site "Tallinn"]
[Date "1988.??.??"]
[Round "11"]
[White "Zaid, Leonid D"]
[Black "Muratov, Vladimir A"]
[Result "1-0"]
[WhiteElo "2355"]
[BlackElo "2215"]

1.d4 Nf6 2.Nf3 g6 3.c4 Bg7 4.g3 O-O 5.Bg2 d6 6.Nc3 c5 7.O-O Nc6 8.dxc5 dxc5
9.Be3 Nd7 10.Qc1 Qa5 11.Bh6 Nd4 12.Nxd4 cxd4 13.Nd5 e6 14.Ne7+ Kh8 15.Bxg7+ Kxg7
16.Nxc8 Raxc8 17.Bxb7 Rc7 18.Bg2 Nb6 19.b3 Rd8 20.Qb1 Qc5 21.Qd3 a5 22.e3 a4
23.exd4 Rxd4 24.Qe3 e5 25.b4 Qe7 26.c5 Nc4 27.Qc3 Qf6 28.Rad1 Nd6 29.c6 Nb5
30.Qc5 Qd6 31.Qxd6 Nxd6 32.Rxd4 exd4 33.Rd1 Nb5 34.Rd2 Kf6 35.Bf1 Nc3 36.b5 Ke5
37.Bc4 Kd6 38.Rxd4+ Kc5 39.Rd7 Rc8 40.Bxf7 Nxb5 41.Bd5 Nd4  1-0

[Event "Tbilisi"]
[Site "Tbilisi"]
[Date "1988.??.??"]
[Round "?"]
[White "Romanishin, Oleg M"]
[Black "Gufeld, Eduard"]
[Result "1-0"]
[WhiteElo "2550"]
[BlackElo "2510"]

1.Nf3 g6 2.d4 Nf6 3.g3 Bg7 4.Bg2 O-O 5.c4 d6 6.O-O c5 7.b3 Nc6 8.Bb2 cxd4
9.Nxd4 Bd7 10.Nc3 Nxd4 11.Qxd4 Bc6 12.Nd5 Bxd5 13.Bxd5 Qa5 14.Bc3 Qc7 15.Rac1 a6
16.Bf3 Rac8 17.Qa7 Rb8 18.Qe3 Rfe8 19.Rfd1 Nd7 20.Bxg7 Kxg7 21.Qd4+ Nf6 22.c5 Rbc8
23.cxd6 Qxc1 24.Rxc1 Rxc1+ 25.Kg2 exd6 26.Qxd6 h5 27.Qd4 Rc2 28.a4 Re6 29.h3 Rc7
30.a5 Kh7 31.g4 hxg4 32.hxg4 Rce7 33.g5 Ne4 34.Bg4 Rd6 35.Qb4 Re5 36.Qxb7 Kg7
37.f4 Re8 38.Qb4 Rdd8 39.Bf3 Nd6 40.Qb6 Nf5 41.Qxa6 Rb8 42.Kf2 Re6 43.Qc4 Ne3
44.Qd4+ Kg8 45.a6  1-0

[Event "Tel Aviv"]
[Site "Tel Aviv"]
[Date "1988.??.??"]
[Round "?"]
[White "Csom, Istvan"]
[Black "Gallagher, Joseph G"]
[Result "1/2-1/2"]
[WhiteElo "2495"]
[BlackElo "2480"]

1.d4 Nf6 2.c4 g6 3.g3 Bg7 4.Bg2 O-O 5.Nf3 d6 6.Nc3 Nbd7 7.O-O e5 8.h3 c6
9.e4 Qb6 10.dxe5 dxe5 11.Qc2 Re8 12.Be3 Qb4 13.Nd2 Qe7  1/2-1/2

[Event "Tel Aviv"]
[Site "Tel Aviv"]
[Date "1988.??.??"]
[Round "?"]
[White "Csom, Istvan"]
[Black "Lahav, Ehud"]
[Result "1-0"]
[WhiteElo "2495"]
[BlackElo "2340"]

1.c4 g6 2.d4 Nf6 3.Nf3 Bg7 4.g3 O-O 5.Bg2 d6 6.Nc3 Nc6 7.O-O Nd7 8.b3 e5
9.Bg5 f6 10.Be3 Ne7 11.dxe5 dxe5 12.Bc1 Re8 13.Qc2 Nf8 14.Rd1 Bd7 15.Ba3 Qc8
16.Qd2 Be6 17.Rac1 Kh8 18.Nd5 Ng8 19.Qa5 c6 20.Bd6 Rd8 21.Nc7 e4 22.Bxf8 Bxf8
23.Nxa8 Rxd1+ 24.Rxd1 exf3 25.Bxf3 Be7 26.Qxa7 Bh3 27.Qa5 g5 28.Nb6 Qc7 29.c5 g4
30.Bh1 Qe5 31.Qd2 Qxc5 32.Nc8 Bf8 33.Nd6 Qa7 34.Nf7+ Kg7 35.Nd8 Kh8 36.Ne6 Bh6
37.e3 Qa3 38.Be4  1-0

[Event "Tel Aviv"]
[Site "Tel Aviv"]
[Date "1988.??.??"]
[Round "?"]
[White "Greenfeld, Alon"]
[Black "Stepak, Yedael"]
[Result "1-0"]
[WhiteElo "2510"]
[BlackElo "2355"]

1.c4 Nf6 2.d4 g6 3.g3 Bg7 4.Bg2 d6 5.Nf3 O-O 6.O-O Nc6 7.Nc3 Bf5 8.b3 Ne4
9.Nd5 Bd7 10.Bb2 e6 11.Nf4 Ne7 12.Qc2 Bc6 13.Rfe1 Re8 14.Rad1 d5 15.Ne5 Nf6
16.Ba3 g5 17.Nh3 h6 18.f4 g4 19.Nf2 Nf5 20.Bc1 Bd7 21.Nfxg4 Nxg4 22.Nxg4 Nxd4
23.Nxh6+ Bxh6 24.Rxd4 Bg7 25.Rdd1 c6 26.Bb2 Qb6+ 27.Kh1 d4 28.c5 Qa5 29.a3 Rad8
30.b4 Qa6 31.Rxd4 Bxd4 32.Bxd4 Qxa3 33.Bc3 e5 34.Ra1 Bf5 35.e4 Qxa1+ 36.Bxa1 Bg4
37.h3 Rd1+ 38.Kh2 Rxa1 39.Qb2 Rd1 40.hxg4 Kg7 41.Bf3 Rd4 42.g5 f6 43.gxf6+ Kxf6
44.fxe5+ Kxe5 45.Qc1 Rxb4 46.Qd2 Rh8+ 47.Kg2 Rd4 48.Qg5+ Ke6 49.Qg6+  1-0

[Event "Tel Aviv"]
[Site "Tel Aviv"]
[Date "1988.??.??"]
[Round "?"]
[White "Shvidler, Eliahu"]
[Black "Lahav, Ehud"]
[Result "1-0"]
[WhiteElo "2440"]
[BlackElo "2340"]

1.Nf3 Nf6 2.d4 g6 3.c4 Bg7 4.g3 O-O 5.Bg2 d6 6.O-O Nc6 7.h3 a6 8.Nc3 Nd7
9.e4 b5 10.cxb5 axb5 11.Bg5 Ba6 12.Re1 h6 13.Be3 b4 14.Nd5 e6 15.Nf4 Na5
16.b3 c5 17.Rc1 cxd4 18.Nxd4 Nc5 19.Nc2 Rb8 20.e5 Bxe5 21.Nxg6 fxg6 22.Bxc5 Qf6
23.Rxe5 dxe5 24.Bxf8 Rxf8 25.Qd2 Bb7 26.Nxb4 Bxg2 27.Kxg2 Nb7 28.Qe2 Nd6
29.Nc6 e4 30.Rc2 e5 31.b4 h5 32.h4 Qe6 33.Rc5 Rf5 34.b5  1-0

[Event "Thessaloniki ol (Men)"]
[Site "Thessaloniki"]
[Date "1988.??.??"]
[Round "1"]
[White "Minero Pineda, Sergio"]
[Black "Sokolov, Ivan"]
[Result "1/2-1/2"]
[WhiteElo "2200"]
[BlackElo "2570"]

1.d4 Nf6 2.c4 g6 3.g3 Bg7 4.Bg2 O-O 5.Nf3 d6 6.O-O Nbd7 7.Nc3 e5 8.h3 a6
9.dxe5 dxe5 10.Be3 Re8 11.Qb3 c6 12.Rfd1 h6 13.Nd2 Qc7 14.Nde4 Nh7 15.Rd2 Nhf8
16.Rad1 Ne6 17.Rxd7 Bxd7 18.Bb6 Qc8 19.Nd6 Qb8 20.Nxe8 Qxe8 21.Ne4 Nd4 22.Bxd4 exd4
23.Nc5 Bf5 24.g4 Qe5 25.gxf5 Qxc5 26.Qxb7 Re8 27.fxg6 fxg6 28.Qxc6 Qxc6 29.Bxc6 Rxe2
30.Bd5+ Kf8 31.c5 Rxb2 32.c6 Be5 33.Bb3 Re2 34.c7  1/2-1/2

[Event "Thessaloniki ol (Men)"]
[Site "Thessaloniki"]
[Date "1988.??.??"]
[Round "2"]
[White "Arduman, Can"]
[Black "Hoi, Carsten"]
[Result "1/2-1/2"]
[WhiteElo "2285"]
[BlackElo "2455"]

1.d4 d6 2.Nf3 g6 3.c4 Bg7 4.g3 Nf6 5.Bg2 O-O 6.O-O Bg4 7.h3 Bxf3 8.Bxf3 Nc6
9.Na3 Nd7 10.d5 Nce5 11.Bg2 Nb6 12.Qc2 c6 13.f4 Ned7 14.dxc6 bxc6 15.Be3 Qc7
16.Rad1 a5 17.Rd2 Nc5 18.b3 Nbd7 19.Nb1 Rfb8 20.Nc3 a4 21.Nxa4 Nxa4 22.bxa4 Rb4
23.Qe4 d5 24.Qxe7 Bf8 25.Qh4 Rxc4 26.Kh1 Re8 27.Bg1 Be7 28.Qh6 Nf6 29.g4 Bf8
30.Qg5 Qe7 31.Rd4 Rxd4 32.Bxd4 Ne4 33.Qxe7 Ng3+ 34.Kg1 Rxe7 35.Rd1 Nxe2+
36.Kf1 Nxd4 37.Rxd4 Re3 38.Rd2 Ra3 39.Rc2 Rxa4 40.Rxc6 Rxa2 41.Bxd5 Rd2 42.Bc4 Rd4
43.f5 gxf5 44.gxf5 Rf4+ 45.Kg2 Rxf5 46.Bd3 Rg5+ 47.Kf3 Kg7 48.Rc2 Rh5 49.Rg2+ Kh6
50.Rh2 Bd6 51.Rh1 Rg5 52.Bc4 f6 53.Rd1 Be5 54.Be6 Rg3+ 55.Ke4  1/2-1/2

[Event "Thessaloniki ol (Men)"]
[Site "Thessaloniki"]
[Date "1988.??.??"]
[Round "5"]
[White "Sosonko, Gennadi"]
[Black "Smejkal, Jan"]
[Result "1/2-1/2"]
[WhiteElo "2540"]
[BlackElo "2515"]

1.d4 Nf6 2.Nf3 g6 3.c4 Bg7 4.g3 O-O 5.Bg2 d6 6.O-O c6 7.Nc3 Bf5 8.b3 Ne4
9.Bb2 Nxc3 10.Bxc3 Be4 11.Qd2 Nd7 12.Qf4 Nf6 13.Nd2 Bxg2 14.Kxg2 d5  1/2-1/2

[Event "Thessaloniki ol (Men)"]
[Site "Thessaloniki"]
[Date "1988.??.??"]
[Round "5"]
[White "Orr, Mark J L"]
[Black "Zapata, Alonso"]
[Result "1/2-1/2"]
[WhiteElo "2365"]
[BlackElo "2480"]

1.d4 Nf6 2.Nf3 g6 3.c4 Bg7 4.g3 O-O 5.Bg2 d6 6.O-O Nc6 7.Nc3 a6 8.h3 Rb8
9.Be3 Bd7 10.Rc1 b5 11.Nd2 e5 12.dxe5 Nxe5 13.c5 d5 14.Bd4 Re8 15.Nf3 Nxf3+
16.exf3 c6 17.Qd2 Nh5 18.Rfd1 Bxd4 19.Qxd4 Ng7 20.Nxd5 cxd5 21.c6 Nf5 22.Qa7 Bxc6
23.Rxc6 Ra8 24.Qc7 Qxc7 25.Rxc7 Rad8 26.Bf1 Re6 27.Kg2 Kf8 28.b3 Ne7 29.a4 bxa4
30.bxa4 Rb8 31.Ra7 Rb4 32.Ra1 Rbb6 33.Rc1 Rb4 34.Ra1 Rbb6 35.Rc1 Rb4  1/2-1/2

[Event "Thessaloniki ol (Men)"]
[Site "Thessaloniki"]
[Date "1988.??.??"]
[Round "5"]
[White "Garcia Gonzales, Guillermo"]
[Black "Gunawan, Ronny"]
[Result "1/2-1/2"]
[WhiteElo "2525"]
[BlackElo "2440"]

1.d4 Nf6 2.Nf3 g6 3.c4 Bg7 4.g3 d6 5.Bg2 O-O 6.Nc3 Nc6 7.O-O a6 8.h3 Rb8
9.Be3 b5 10.Nd2 Bd7 11.cxb5 axb5 12.Rc1 Qc8 13.b3 Qa6 14.Kh2 Rfc8 15.Nce4 Nxe4
16.Bxe4 e6 17.Bb1 b4 18.Ne4 Ne7 19.Qd2 f5 20.Ng5 Nd5 21.Bd3 Qa7 22.Bc4 h6
23.Bxd5 exd5 24.Nf3 Kh7 25.Rc2 Bb5 26.Rfc1 c6 27.Ne1 Re8 28.Nd3 g5 29.Nxb4 f4
30.gxf4 gxf4 31.Bxf4 Rxe2 32.Qd1 Re4 33.Be3 Rf8 34.a4 Rxe3 35.fxe3 Bf1 36.Qg4 Qe7
37.Rxf1 Rxf1 38.Rg2 Rf7 39.Qg3 Qd7 40.Nd3 Qf5 41.Nf4 c5 42.a5 cxd4 43.Qg4 Qe5
44.Qg6+ Kg8 45.Qe6 Qxe3 46.Qxe3 dxe3 47.Nxd5 Kf8 48.Nxe3 Be5+ 49.Kh1 Bd4
50.Rg3 Rf2 51.b4 h5 52.Nd5 h4 53.Rd3 Rf1+  1/2-1/2

[Event "Thessaloniki ol (Men)"]
[Site "Thessaloniki"]
[Date "1988.??.??"]
[Round "10"]
[White "Stempin, Pawel"]
[Black "Ferreira, A."]
[Result "1/2-1/2"]
[WhiteElo "2435"]
[BlackElo "2300"]

1.d4 Nf6 2.Nf3 g6 3.c4 Bg7 4.g3 O-O 5.Bg2 d6 6.Nc3 Nbd7 7.O-O e5 8.e4 c6
9.h3 Re8 10.Re1 a5 11.b3 exd4 12.Nxd4 Nc5 13.Bf4 Bf8 14.Qc2 Nfd7 15.Be3 Ne5
16.Rad1 Qc7 17.Rd2 a4 18.f4 axb3 19.axb3 Ned7 20.b4 Ne6 21.Nb3 Ng7 22.Bf2 f5
23.c5 dxc5 24.bxc5 Nf6 25.e5 Nd7 26.Ne2 Ne6 27.Qc4 Bg7 28.Rd6 Nf8 29.Nc3 Qf7
30.Qb4 Kh8 31.Na5 g5 32.fxg5 Nxg5 33.h4 Nge6 34.Nc4 f4 35.Rd3 fxg3 36.Bxg3 Qg6
37.Ne4 Ra2 38.Rd2 Rxd2 39.Qxd2 Nxc5 40.Nxc5 Qxg3 41.Nd6 Rxe5 42.Rxe5 Bxe5
43.Nxc8 Qg4 44.Nxb7 Qxc8 45.Nd8 Qf5 46.Nxc6 Qb1+ 47.Kf2 Bf6 48.Qb4 Qf5+ 49.Bf3 Ng6
50.h5 Bh4+ 51.Ke3 Bg5+ 52.Kf2 Bh4+ 53.Ke3 Qg5+ 54.Kd3 Nf4+ 55.Kc2 Qf5+ 56.Be4 Qf7
57.Qb2+ Kg8 58.Qb3 Qxb3+ 59.Kxb3 Nxh5  1/2-1/2

[Event "Thessaloniki ol (Men)"]
[Site "Thessaloniki"]
[Date "1988.??.??"]
[Round "10"]
[White "Smejkal, Jan"]
[Black "Gunawan, Ronny"]
[Result "1-0"]
[WhiteElo "2515"]
[BlackElo "2440"]

1.Nf3 Nf6 2.c4 g6 3.d4 Bg7 4.g3 d6 5.Bg2 O-O 6.O-O Nc6 7.Nc3 a6 8.h3 Rb8
9.Bg5 b5 10.cxb5 axb5 11.d5 Na5 12.b4 Nc4 13.Nd4 Bd7 14.e3 h6 15.Bxf6 Bxf6
16.Qe2 Na3 17.Rac1 Bxd4 18.exd4 Ra8 19.Rfe1 Re8 20.h4 Kg7 21.Be4 Qb8 22.Bd3 Qb6
23.Qe4 Nc4 24.a4 f5 25.Qf4 Nb2 26.a5 Nxd3 27.Qe3 Qb7 28.Qxd3 f4 29.Qd2 fxg3
30.fxg3 Rac8 31.Re3 c6 32.Qe2 Bh3 33.g4 cxd5 34.Rxh3 Rc4 35.Rf1 Rxd4 36.Rg3 e5
37.Nxb5 Rxb4 38.Nxd6 Qa7+ 39.Kh1 Re6 40.Rf7+ Qxf7 41.Nxf7 Kxf7 42.Qf3+  1-0

[Event "Thessaloniki ol (Men)"]
[Site "Thessaloniki"]
[Date "1988.??.??"]
[Round "10"]
[White "Tatai, Stefano"]
[Black "Thipsay, Praveen Mahadeo"]
[Result "1/2-1/2"]
[WhiteElo "2365"]
[BlackElo "2380"]

1.d4 Nf6 2.Nf3 g6 3.c4 Bg7 4.g3 d6 5.Bg2 O-O 6.O-O Nbd7 7.Qc2 e5 8.Rd1 Re8
9.dxe5 dxe5 10.e4 c6 11.h3 Qc7 12.Be3 Nf8 13.Nc3 Qe7 14.Rd2 N6d7 15.Rad1 Ne6
16.Na4  1/2-1/2

[Event "Thessaloniki ol (Men)"]
[Site "Thessaloniki"]
[Date "1988.??.??"]
[Round "13"]
[White "Skalkotas, Nikolaos"]
[Black "Urday, Henry"]
[Result "1/2-1/2"]
[WhiteElo "2305"]
[BlackElo "2430"]

1.d4 Nf6 2.Nf3 g6 3.c4 Bg7 4.g3 d6 5.Bg2 O-O 6.O-O Nc6 7.Nc3 a6 8.b3 Rb8
9.Bb2 b5 10.d5 Na5 11.cxb5 axb5 12.Nd4 Bd7 13.Nc2 c5 14.dxc6 Bxc6 15.Nd5 Bxd5
16.Bxd5 Nxd5 17.Bxg7 Kxg7 18.Qxd5 Qb6 19.Nb4 Rbc8 20.Rac1 e6 21.Qd2 Nb7 22.Rfd1 d5
23.Qf4 Kg8 24.Rxc8 Rxc8 25.e4 dxe4 26.Qxe4 Nd6 27.Qe5 Nf5 28.Qf6 Qc7 29.g4  1/2-1/2

[Event "FRA-ch"]
[Site "Val Thorens"]
[Date "1988.??.??"]
[Round "6"]
[White "Vareille, Francois"]
[Black "Haik, Aldo"]
[Result "1-0"]
[WhiteElo "2285"]
[BlackElo "2370"]

1.d4 d6 2.Nf3 g6 3.g3 Bg7 4.Bg2 Nf6 5.c4 O-O 6.Nc3 Nbd7 7.O-O e5 8.e4 exd4
9.Nxd4 Re8 10.h3 c6 11.Be3 Nc5 12.Qc2 a5 13.Rad1 Nfd7 14.b3 Qe7 15.Rfe1 h5
16.f4 Nf6 17.Bf2 Qc7 18.Nf3 Ne6 19.Na4 Nd7 20.Rd2 Bf6 21.Red1 h4 22.f5 Nec5
23.Nxc5 Nxc5 24.Nxh4 Qe7 25.fxg6 Bxh4 26.gxf7+ Kxf7 27.gxh4 Nxe4 28.Rd3 d5
29.cxd5 cxd5 30.Rxd5 Qf6 31.Bxe4 Bxh3 32.Rg5 Rac8 33.Bd5+ Be6 34.Qh7+ Kf8
35.Bxe6  1-0

[Event "Yerevan"]
[Site "Yerevan"]
[Date "1988.??.??"]
[Round "?"]
[White "Petrosian, Arshak B"]
[Black "Akopian, Vladimir"]
[Result "1/2-1/2"]
[WhiteElo "2480"]
[BlackElo "2460"]

1.d4 Nf6 2.c4 g6 3.Nf3 Bg7 4.g3 O-O 5.Bg2 d6 6.Nc3 Nbd7 7.O-O e5 8.h3 c6
9.e4 exd4 10.Nxd4 Re8 11.Be3 Nc5 12.Qc2 Qe7 13.Rfe1 Bd7 14.Nb3 Nxb3 15.axb3 c5
16.Qd2 Bc6 17.Rad1 Red8 18.Bg5 Rd7 19.b4 cxb4 20.Nd5 Bxd5 21.exd5 Qf8 22.Qxb4 b6
23.h4 h6 24.Bf4 Nh5 25.Bh3 Rdd8 26.Bc1 Be5 27.Kg2 Re8 28.Bd7 Re7 29.Bc6 Rc8
30.Qd2 Kh7 31.Qd3 Rcc7 32.b3 f5 33.Re2 f4 34.g4 f3+ 35.Qxf3 Rf7 36.Qd3 Nf4+
37.Bxf4 Rxf4 38.f3 Rcf7 39.Rf1 Rxg4+ 40.fxg4 Rxf1 41.h5 Kh8 42.Ra2 Qf4 43.Qxf1 Qh2+
44.Kf3 Qxa2 45.Qd3 gxh5 46.gxh5 Qh2  1/2-1/2

[Event "Albacete"]
[Site "Albacete"]
[Date "1989.??.??"]
[Round "3"]
[White "Gomez Esteban, Juan Mario"]
[Black "Romero Holmes, Alfonso"]
[Result "1/2-1/2"]
[WhiteElo "2460"]
[BlackElo "2445"]

1.d4 Nf6 2.Nf3 g6 3.c4 Bg7 4.g3 O-O 5.Bg2 d6 6.O-O Nc6 7.Nc3 a6 8.Bd2 Nd7
9.d5 Na5 10.b3 c5 11.a4 b6 12.Ra3 Rb8 13.Ng5 Nf6 14.h3 h6 15.Nge4 Ne8 16.f4 e5
17.e3 Bd7  1/2-1/2

[Event "ARG-ch"]
[Site "?"]
[Date "1989.??.??"]
[Round "11"]
[White "Soppe, Guillermo"]
[Black "Servat, Roberto"]
[Result "1/2-1/2"]
[WhiteElo "2425"]
[BlackElo "2445"]

1.d4 Nf6 2.c4 g6 3.Nf3 Bg7 4.g3 O-O 5.Bg2 d6 6.O-O Nbd7 7.Nc3 e5 8.e4 c6
9.h3 Qb6 10.c5 dxc5 11.dxe5 Ne8 12.Na4 Qa6 13.Qc2 b6 14.Bf4 Nc7 15.Rfd1 Ne6
16.Rd6 b5 17.Nc3 Qb7 18.Rad1 Re8 19.Ne2 Qc7 20.b3 a5 21.a4 bxa4 22.bxa4 Rb8
23.Nc1 Rb4 24.Na2 Rb8 25.Bf1 Nxf4 26.gxf4 Bh6 27.Bc4 Bxf4 28.e6 fxe6 29.Rxe6 Rxe6
30.Bxe6+ Kg7 31.Bxd7 Bxd7 32.Qc3+ Kf7 33.Qxc5 Bxh3 34.Ng5+ Bxg5 35.Qxg5 Kg7
36.Qe3 Be6 37.Nc3 Rf8 38.Qd4+ Kg8 39.e5 Bf5 40.Ne4 Bxe4 41.Qxe4 Qe7 42.e6 Re8
43.Re1 Qb4 44.Kf1 Qxe4 45.Rxe4 Kf8 46.Re5 Ke7 47.Rxa5 Kxe6 48.Ke2 c5 49.Kd3 Kd5
50.Ra7 h5 51.a5 Rh8 52.a6 h4 53.Rg7 h3 54.a7 h2 55.Rh7 Ra8 56.Rxh2 Rxa7 57.Rg2 Ra3+
58.Kc2 Ra6 59.Kd3 Ke5 60.Rg5+ Kf4 61.Rxc5 Kf3 62.Kd4 Kxf2 63.Rg5  1/2-1/2

[Event "Athens Akropolis"]
[Site "Athens"]
[Date "1989.??.??"]
[Round "?"]
[White "Arduman, Can"]
[Black "Haritakis, Theodoros"]
[Result "1-0"]
[WhiteElo "2305"]
[BlackElo "2215"]

1.d4 Nf6 2.c4 g6 3.Nf3 Bg7 4.g3 O-O 5.Bg2 d6 6.O-O Nbd7 7.Nc3 e5 8.e4 exd4
9.Nxd4 Re8 10.Rb1 Nc5 11.Re1 h6 12.h3 Qe7 13.b4 Ne6 14.Nf5 gxf5 15.exf5 c6
16.fxe6 Bxe6 17.Bf4 Rad8 18.Qd2 Qf8 19.Bf1 d5 20.c5 Ne4 21.Nxe4 dxe4 22.Bd6 f5
23.Qf4 Qf7 24.a3 Kh7 25.Bg2 Bf6 26.h4 Be7 27.Be5 Bf6 28.Bxf6 Qxf6 29.Rxe4 Bc8
30.Rxe8 Rxe8 31.Rd1 Qe5 32.Qxe5 Rxe5 33.Rd8 Be6 34.Rb8 Re1+ 35.Kh2 Re2 36.Rxb7+ Kg6
37.Rxa7 Rxf2 38.Kg1 Ra2 39.Bxc6 f4 40.Be4+ Kf6 41.gxf4 Re2 42.Bf3  1-0

[Event "Athens op"]
[Site "Athens"]
[Date "1989.??.??"]
[Round "?"]
[White "Bany, Jerzy"]
[Black "Georgiev, Biser"]
[Result "1/2-1/2"]
[WhiteElo "2440"]
[BlackElo "2335"]

1.d4 Nf6 2.Nf3 g6 3.c4 Bg7 4.g3 O-O 5.Bg2 d6 6.Nc3 c6 7.O-O a6 8.e4 Nfd7
9.Be3 b5 10.b3 Nb6 11.cxb5 axb5 12.a4 bxa4 13.Nxa4 Ba6 14.Re1 N8d7 15.Qc1 Nxa4
16.bxa4 c5 17.e5 Rc8 18.Qb2 Rb8  1/2-1/2

[Event "Bayamo"]
[Site "Bayamo"]
[Date "1989.??.??"]
[Round "7"]
[White "Kharitonov, Andrei Y"]
[Black "Martin del Campo, Roberto"]
[Result "1/2-1/2"]
[WhiteElo "2520"]
[BlackElo "2455"]

1.d4 Nf6 2.Nf3 g6 3.c4 Bg7 4.g3 O-O 5.Bg2 d6 6.Nc3 Nc6 7.O-O Bg4 8.d5 Na5
9.b3 c5 10.Bb2 a6 11.Nd2 Rb8 12.Qc2 b5 13.Rae1 e5 14.Nd1 Nh5 15.Bc3 Nb7 16.f3 Bd7
17.e3 f5 18.f4 e4 19.Bxg7 Nxg7 20.Nf2  1/2-1/2

[Event "Belfort op"]
[Site "Belfort"]
[Date "1989.??.??"]
[Round "1"]
[White "Velikov, Petar"]
[Black "Libens, Michel"]
[Result "1-0"]
[WhiteElo "2465"]
[BlackElo "2000"]

1.Nf3 Nf6 2.c4 g6 3.g3 Bg7 4.Bg2 d6 5.d4 O-O 6.O-O Nc6 7.Nc3 a6 8.b3 Rb8
9.e3 b5 10.Qe2 b4 11.Na4 Nd7 12.Bb2 e5 13.Nd2 Bb7 14.d5 Ne7 15.e4 g5 16.Qe3 f5
17.Qxg5 f4 18.Qh5 Ng6 19.Qe2 Rf7 20.Bh3 Rf6 21.Nf3 Bh6 22.Bf5 Ndf8 23.g4 Rf7
24.Kh1 c5 25.a3 a5 26.Bc1 Bg5 27.Nb2 Bc8 28.Nd3 Nh4 29.Nxh4 Bxh4 30.Ne1 Bxf5
31.exf5 Bf6 32.Ra2 Rg7 33.Nd3 Qe8 34.axb4 axb4 35.f3 Ra8 36.Rxa8 Qxa8 37.Nf2 h6
38.Ne4 Qd8 39.Qa2 Nh7 40.Qa6 Rd7 41.Qc6 Be7 42.Bb2 Ra7 43.Nxc5 dxc5 44.Bxe5 Bf6
45.Qxc5 Ra2 46.Bxf4 Qe8 47.Qc6 Qe2 48.Qe6+ Kg7 49.Qxe2 Rxe2 50.c5 Be5 51.Bxe5+ Rxe5
52.Rd1 Re2 53.d6 Ng5 54.Rd3 Nh3  1-0

[Event "Belfort op"]
[Site "Belfort"]
[Date "1989.??.??"]
[Round "4"]
[White "Lalic, Bogdan"]
[Black "Dam, Ruurd"]
[Result "1-0"]
[WhiteElo "2500"]
[BlackElo "2330"]

1.d4 Nf6 2.c4 g6 3.Nf3 Bg7 4.g3 d6 5.Bg2 O-O 6.O-O c5 7.d5 a6 8.a4 e6 9.dxe6 Bxe6
10.Ng5 Bxc4 11.Na3 Be6 12.Bxb7 Ra7 13.Nxe6 fxe6 14.Bg2 d5 15.Qc2 Qb6 16.Be3 Nfd7
17.Rab1 a5 18.Nb5 Ra8 19.Rfc1 Na6 20.f4 Nc7 21.Bxc5 Nxc5 22.Qxc5 Qxc5+ 23.Rxc5 Nxb5
24.Rxb5 Rfb8 25.Bh3 Kf7 26.Rc1 Bd4+ 27.Kg2 Rxb5 28.axb5 Rb8 29.Rc6 Rxb5 30.Bxe6+ Ke7
31.b3 Rxb3 32.Bxd5 Re3 33.Kf1 a4 34.Rc4 Bb6 35.Rxa4 Kf8 36.Rb4  1-0

[Event "Belgrade op"]
[Site "Belgrade"]
[Date "1989.??.??"]
[Round "8"]
[White "Nestorovic, Dejan"]
[Black "Markovic, Milovan"]
[Result "0-1"]
[WhiteElo "2250"]
[BlackElo "2270"]

1.d4 Nf6 2.Nf3 g6 3.c4 Bg7 4.g3 O-O 5.Bg2 d6 6.O-O Nc6 7.Nc3 a6 8.h3 Rb8
9.a3 Na5 10.b3 b6 11.e4 c5 12.Be3 Bb7 13.d5 b5 14.Nd2 Nd7 15.Rc1 Bc8 16.cxb5 axb5
17.b4 cxb4 18.axb4 Nc4 19.Nxc4 bxc4 20.Qa4 Ne5 21.b5 Bd7 22.Rb1 Qc8 23.Kh2 Nd3
24.Qc2 Nc5 25.Rfd1 f5 26.f3 Nd3 27.exf5 Bxf5 28.Ne4 Bd7 29.b6 Qa6 30.h4 Rfc8
31.Bf1 Ne5 32.Be2 Qa3 33.Qc1 Qa4 34.Ra1 Qb3 35.Rb1 Qa2 36.Rd2 Qa5 37.Kg2 Nd3
38.Qf1 Qxd5 39.Bxd3 cxd3 40.Qxd3 Qxd3 41.Rxd3 Rc4 42.b7 Bc6 43.Rdb3 Ra4 44.Rb6 Bd7
45.Rc1 Kf8 46.Bf4 Bd4 47.Rb3 Ra6 48.Rb4 Ba7 49.Rc7 Ke8 50.h5 gxh5 51.Ng5 e5
52.Bc1 Bc5 53.Rxc5 dxc5 54.Re4 Ra2+ 55.Kg1 Rxb7 56.Rxe5+ Kf8 57.Nxh7+ Kg7
58.Ng5 Rb1 59.Rxc5 Kg6 60.Rc7 Ba4  0-1

[Event "Bern op"]
[Site "Bern"]
[Date "1989.??.??"]
[Round "?"]
[White "Chabanon, Jean Luc"]
[Black "Gavrikov, Viktor"]
[Result "0-1"]
[WhiteElo "2245"]
[BlackElo "2535"]

1.d4 Nf6 2.Nf3 g6 3.c4 Bg7 4.g3 O-O 5.Bg2 d6 6.Nc3 Nbd7 7.O-O e5 8.Qc2 c6
9.Rd1 Qe7 10.b3 Re8 11.e3 Nh5 12.Ba3 e4 13.Nd2 f5 14.Ndxe4 fxe4 15.Nxe4 c5
16.dxc5 dxc5 17.Rac1 Rf8 18.Nd6 Rb8 19.b4 Ne5 20.bxc5 Bg4 21.Bd5+ Kh8 22.c6 Bxd1
23.Rxd1 Qd8 24.Nxb7 Qf6 25.Nd6 h6 26.c7 Rbc8 27.Nxc8 Rxc8 28.f4 Qa6 29.Bb2 Ng4
30.Bxg7+ Nxg7 31.Qb2 Rxc7 32.e4 Ne3 33.Re1 Nxc4 34.Qb4 Qb6+ 35.Qxb6 Nxb6
36.Bb3 a5 37.Rd1 Rd7 38.Rxd7 Nxd7 39.Bf7 Kh7 40.e5 Nc5 41.g4 Nce6 42.f5 gxf5
43.gxf5 Nd4  0-1

[Event "Biel op"]
[Site "Biel"]
[Date "1989.??.??"]
[Round "3"]
[White "Lalic, Bogdan"]
[Black "Weindl, Alfred"]
[Result "1/2-1/2"]
[WhiteElo "2500"]
[BlackElo "2350"]

1.d4 Nf6 2.c4 g6 3.Nf3 Bg7 4.g3 O-O 5.Bg2 d6 6.O-O Nbd7 7.Nc3 e5 8.e4 a6
9.Re1 c6 10.h3 b5 11.c5 dxc5 12.dxe5 Ne8 13.Bg5 Qb6 14.Be7 Nxe5 15.Bxf8 Kxf8
16.Nxe5 Bxe5 17.f4 Bd4+ 18.Kh2 Ra7 19.e5 Be6 20.Qc2 h5 21.Rad1 b4 22.Na4 b3
23.Nxb6 bxc2 24.Rc1 Bxa2 25.Rxc2 Bb3 26.Rcc1 Rb7 27.Nc4 Bxc4 28.Rxc4 Rxb2
29.Rec1 Nc7 30.R1c2 Rxc2 31.Rxc2 Nd5 32.Ra2 h4 33.Rxa6 Bf2 34.gxh4 Nxf4 35.Rxc6 Bd4
36.Kh1 Bxe5 37.Rxc5 f6 38.Rc4 Kg7 39.Kg1 Kh6 40.Kf2 Kh5 41.Kf3 Kxh4 42.Rxf4+ Bxf4
43.Kxf4 g5+ 44.Kf5 Kg3 45.Bf1 Kh4 46.Kxf6 g4 47.hxg4 Kxg4  1/2-1/2

[Event "Biel op"]
[Site "Biel"]
[Date "1989.??.??"]
[Round "3"]
[White "Jukic, Mirko"]
[Black "Sinkovics, Peter"]
[Result "0-1"]
[WhiteElo "2440"]
[BlackElo "2330"]

1.d4 Nf6 2.c4 g6 3.Nf3 Bg7 4.g3 O-O 5.Bg2 d6 6.O-O Nc6 7.d5 Na5 8.Nfd2 c5
9.Nc3 a6 10.Qc2 Rb8 11.b3 e5 12.e4 b5 13.Bb2 Nh5 14.Rae1 f5 15.exf5 gxf5
16.Ne2 Bd7 17.Bc3 b4 18.Bb2 e4 19.Bxg7 Kxg7 20.Qb2+ Qf6 21.Qxf6+ Nxf6 22.Nf4 Rbe8
23.Bh3 Nb7 24.Re3 Nd8 25.f3 exf3 26.Rxe8 Rxe8 27.Nxf3 Nf7 28.Nh4 Nh6 29.Bg2 Nhg4
30.Bf3 a5 31.Be2 Ne3 32.Rc1 Ne4 33.Bd3 Ng4 34.Ra1 Kf6 35.Bc2 Nc3 36.Ne6 Ne2+
37.Kh1 Bxe6 38.dxe6 Nd4 39.Bd3 Nf2+  0-1

[Event "Biel op"]
[Site "Biel"]
[Date "1989.??.??"]
[Round "10"]
[White "Groszpeter, Attila"]
[Black "Georgiev, Krum"]
[Result "1-0"]
[WhiteElo "2515"]
[BlackElo "2480"]

1.d4 Nf6 2.c4 g6 3.Nf3 Bg7 4.g3 O-O 5.Bg2 d6 6.O-O c6 7.b3 e5 8.dxe5 dxe5
9.Ba3 Qxd1 10.Rxd1 Re8 11.Nc3 Nbd7 12.Rac1 Nf8 13.h3 h5 14.Ng5 Bf5 15.Nge4 Nxe4
16.Nxe4 Bxe4 17.Bxe4 Rad8 18.Bc5 f5 19.Bg2 e4 20.a4 Ne6 21.Bxa7 Bd4 22.c5 Bb2
23.Rxd8 Rxd8 24.Rc4 h4 25.Bf1 hxg3 26.fxg3 Rd1 27.Kg2 Bd4 28.Bb8 g5 29.Rb4 f4
30.gxf4 gxf4 31.Rxb7 f3+ 32.exf3 exf3+ 33.Kxf3 Rxf1+ 34.Kg4 Bxc5 35.a5 Rg1+
36.Kf5 Nd4+ 37.Ke4 Nb5 38.Be5 Re1+ 39.Kf5 Rf1+ 40.Ke6 Ba7 41.Kd7 Rc1 42.Ke8 Rg1
43.b4 Bf2 44.Rf7 Re1 45.Rg7+ Kh8 46.Re7+ Kg8 47.Rg7+ Kh8 48.Rg5+ Kh7 49.Kf7 Kh6
50.Rf5 Rxe5 51.Rxe5 Nd6+ 52.Ke7  1-0

[Event "Biel op"]
[Site "Biel"]
[Date "1989.??.??"]
[Round "11"]
[White "Pigusov, Evgeny"]
[Black "Gallagher, Joseph G"]
[Result "1/2-1/2"]
[WhiteElo "2560"]
[BlackElo "2445"]

1.Nf3 d6 2.d4 Nf6 3.c4 g6 4.g3 Bg7 5.Bg2 O-O 6.O-O Nbd7 7.Nc3 e5 8.e4 exd4
9.Nxd4 Re8 10.h3 a6 11.Re1 Rb8 12.Be3 c5 13.Nc2  1/2-1/2

[Event "Bled op"]
[Site "Bled"]
[Date "1989.??.??"]
[Round "7"]
[White "Blagojevic, Dragisa"]
[Black "Mukic, Josko"]
[Result "1/2-1/2"]
[WhiteElo "2435"]
[BlackElo "2365"]

1.d4 Nf6 2.c4 g6 3.Nf3 Bg7 4.g3 O-O 5.Bg2 d6 6.O-O Nbd7 7.Nc3 e5 8.e4 exd4
9.Nxd4 Nc5 10.h3 Re8 11.Re1 a5 12.Ndb5 Nfd7 13.Be3 Ne5 14.b3 Ned3 15.Re2 c6
16.Nd4 a4 17.Nxa4 Nxa4 18.Qxd3 Nc5 19.Qc2 f5 20.exf5 Bxf5 21.Qd1 Bd3 22.Rd2 Rxe3
23.fxe3 Qg5 24.Rxd3 Qxg3 25.Rd2 Qxe3+ 26.Kh1 Ne4 27.Bxe4 Qxe4+ 28.Rg2 Bxd4
29.Rc1 Qe3 30.Qd2 Qxh3+ 31.Rh2 Qf3+ 32.Qg2 Qe3 33.Rf1 Ra5 34.Qg4 Re5 35.Rhf2 Rh5+
36.Kg2 Rg5 37.Rf8+ Kg7 38.R8f7+ Kg8 39.Rf8+  1/2-1/2